| 000 | 01998nam0a2200421 4500 | ||
|---|---|---|---|
| 001 | RU\NLR\bibl\119037 | ||
| 005 | 20260406043303.0 | ||
| 010 |
_a5-7972-0257-3 _9500 |
||
| 021 |
_aRU _b2000-30723 _91440 |
||
| 035 | _a(NLR Aleph) 000116573 | ||
| 090 |
_a662729 _c662729 |
||
| 100 | _a20001101d2000 |||y0rusy50 ca | ||
| 101 | 0 | _arus | |
| 102 | _aRU | ||
| 105 | _aa ||||||||| | ||
| 200 | 1 |
_aСистема государственных социальных стандартов и реформирование межбюджетных отношений в Российской Федерации _fТ.Ф. Романова, О.Б. Иванова, С.Н. Рукина, Л.В. Богославцева _gМ-во образования Рос. Федерации, Рост. гос. экон. акад. |
|
| 210 |
_aРостов н/Д _cРГЭА _d2000 |
||
| 215 |
_a238 с. _d21 |
||
| 320 | _aБиблиогр.: с. 193-195 | ||
| 606 | 0 |
_aМежбюджетные отношения _yРоссийская Федерация _92096248 _3RU\NLR\auth\661268302 |
|
| 610 | 0 | _aБюджетная политика Российской Федерации | |
| 610 | 0 | _aРоссийская Федерация, финансы | |
| 675 |
_a336.14 _v3 _zrus |
||
| 686 |
_a06.75 _2rugasnti |
||
| 686 |
_a65.261.3 _2rubbk |
||
| 686 | _aУ26(2)131 | ||
| 701 | 1 |
_4070 _8rus _7ca _aРоманова _bТ. Ф. _cд-р экон. наук _gТатьяна Федоровна _3RU\NLR\auth\773370 _9113366 |
|
| 701 | 1 |
_4070 _8rus _7ca _aИванова _bО. Б. _cд-р экон. наук _gОльга Борисовна _3RU\NLR\AUTH\7742806 _925749 |
|
| 701 | 1 |
_aРукина _gСветлана Николаевна _4070 |
|
| 701 | 1 |
_aБогославцева _gЛюдмила Викторовна _4070 |
|
| 801 | 0 |
_aRU _bRKP _c20001101 _gPSBO |
|
| 801 | 1 |
_aRU _bRKP _c20001101 |
|
| 801 | 2 |
_aRU _bNLR _c20060927 _grcr |
|
| 852 |
_aNLR _j2000-3/14237 |
||
| 942 | _cBOOK | ||
| 980 | _aNB | ||